000 01302cam a22003617a 4500
003 CHAP
005 20220329141833.0
008 971201d1997 mx r 00110 spa d
010 _a74595
011 _a75567
035 _a85131
040 _cCHAP
090 _aTesis
100 0 0 _aMolina González, David.
_977356
245 1 0 _aValidación de la fórmula de Pressler para estimar volumen de árboles en pie
_c/por David Molina González
260 _aChapingo, Méx. :
_bEl autor,
_c1997.
300 _a49 h. :
_bgráfs.
502 _aTesis (Ing. Forestal con Orientación en Evaluación y Abastecimiento) -- UACH. División de Ciencias Forestales
590 _aALEPH
_b10
_c20130110
_lUCH01
_h1420
590 _aBATCH-UPD
_b10
_c20130110
_lUCH01
_h0356
590 _aBATCH-UPD
_b10
_c20130410
_lUCH01
_h0029
590 _aBATCH-UPD
_b10
_c20130914
_lUCH01
_h0719
590 _aCONVERSION
_b10
_c20130109
_lUCH01
_h1341
650 1 4 _aBosques
_xInventarios.
_914240
650 1 4 _aMedidas forestales.
_973926
650 1 4 _aPinus hartwegii.
_988340
901 _aBK
905 _aGuadalupe Pinto C.
942 _cFOLL
949 _bBC
_cTES
_d33724000637666
_eTS2
_fc.2
_h31568
_i85131
_si
949 _bBC
_cTES
_d33724000761284
_eTS2
_fc.3
_h35811
_i85131
_si
949 _bBC
_cTES
_d851311
_eTS1
_h31567
_i85131
_sb
999 _c74595
_d74595